Phân tích hoá lý phương pháp phổ nghiệm nghiên cứu cấu trúc phân tử

שמור ב:
מידע ביבליוגרפי
מחבר ראשי: Từ, Văn Mặc
פורמט: ספר
שפה:Undetermined
יצא לאור: Hà Nội Khoa học và Kỹ thuật 2003
נושאים:
תגים: הוספת תג
אין תגיות, היה/י הראשונ/ה לתייג את הרשומה!
Thư viện lưu trữ: Trung tâm Học liệu Trường Đại học Cần Thơ
LEADER 00664nam a2200205Ia 4500
001 CTU_100142
008 210402s9999 xx 000 0 und d
020 |c 26000 
082 |a 543.0858 
082 |b M113 
100 |a Từ, Văn Mặc 
245 0 |a Phân tích hoá lý phương pháp phổ nghiệm nghiên cứu cấu trúc phân tử 
245 0 |c Từ Văn Mặc 
260 |a Hà Nội 
260 |b Khoa học và Kỹ thuật 
260 |c 2003 
650 |a Chemistry, analytic,Molecular structure 
650 |x Spectrum analysis 
904 |i Hiếu 
980 |a Trung tâm Học liệu Trường Đại học Cần Thơ